| 000 | 01227cam a2200337 a 4500 | ||
|---|---|---|---|
| 020 | _a9699063009 | ||
| 082 |
_a954.91 _bMAH |
||
| 100 | 1 |
_aAhmed, Mahmud. _951198 |
|
| 245 | 1 | 0 |
_aHistory of Indo Pak War -1965 _cby Mahmud Ahmed. Lt. Gen. Re. |
| 260 |
_aKarachi : _bLexicon Publishers, _c2006. |
||
| 300 |
_axxvi, 638 p. : _bcol. ill, col. maps ; _c32 cm. |
||
| 526 |
_a0 _b0 _c0 _d954_910000000000000_MAH |
||
| 526 |
_a0 _b0 _c0 _d954_910000000000000_MAH |
||
| 526 |
_a0 _b0 _c0 _d954_910000000000000_MAH |
||
| 526 |
_a0 _b0 _c0 _d954_910000000000000_MAH |
||
| 526 |
_a0 _b0 _c0 _d954_910000000000000_MAH |
||
| 526 |
_a0 _b0 _c0 _d954_910000000000000_MAH |
||
| 526 |
_a0 _b0 _c0 _d954_910000000000000_MAH |
||
| 526 |
_a0 _b0 _c0 _d954_910000000000000_MAH |
||
| 526 |
_a0 _b0 _c0 _d954_910000000000000_MAH |
||
| 526 |
_a0 _b0 _c0 _d954_910000000000000_MAH |
||
| 526 |
_a0 _b0 _c0 _d954_910000000000000_MAH |
||
| 526 |
_a0 _b0 _c0 _d954_910000000000000_MAH |
||
| 526 |
_a0 _b0 _c0 _d954_910000000000000_MAH |
||
| 526 |
_a0 _b0 _c0 _d954_910000000000000_MAH |
||
| 526 |
_a0 _b0 _c0 _d954_910000000000000_MAH |
||
| 526 |
_a0 _b0 _c0 _d954_910000000000000_MAH |
||
| 526 |
_a0 _b0 _c0 _d954_910000000000000_MAH |
||
| 650 | 0 |
_aMCE _9379 |
|
| 942 |
_2ddc _cBK |
||
| 999 |
_c553953 _d553953 |
||